000 005560000a22001810004500
003 MACL
005 20160609162953.0
008 160609b xxu||||| |||| 00| 0 eng d
040 _aMACL
_cMACL
041 _aHindi
082 _a891.431
100 _aमेहता, श्रीनरेश
_955869
245 _aअरण्‍या
_cश्रीनरेश मेहता
260 _bलोकभारती प्रकाशन
_c1985
_aइलाहाबाद
350 _a30
650 _aPoetry
_963625
942 _cHIN
_k891.431
_2ddc
999 _c30092
_d30092